| 000 | 00898nam a2200253Ia 4500 | ||
|---|---|---|---|
| 003 | GCL | ||
| 008 | 140319s9999 xx 000 0 ara d | ||
| 040 |
_aGCL / _cGCL |
||
| 082 | 0 | 4 |
_a953.8 _bع ع |
| 100 | 1 | _aمحمد فؤاد عبدالباقى | |
| 245 | 1 | 0 |
_aعاصفة الصحراء / _cمحمد فؤاد عبدالباقى |
| 700 | 1 | _aقصى محب الدين الخطيب | |
| 700 | 1 | _aمحب الدين الخطيب | |
| 700 | 1 | _aعلى محمد العمير | |
| 260 |
_aالرياض : _bدار العمير للثقافة والنشر |
||
| 300 |
_a176 ص ؛ _c18 سم |
||
| 490 | _a | ||
| 650 | 0 | 4 | _aالخليج العربى |
| 650 | 0 | 4 | _aازمة الخليج |
| 650 | 0 | 4 | _aالاحاديث النبوية |
| 650 | 0 | 4 | _aحرب الخليج |
| 650 | 0 | 4 | _aالكويت - تاريخ - العصر الحديث - الاحتلال العراقى(1990-1991) |
| 942 |
_2ddc _cBK |
||
| 999 |
_c54780 _d54780 |
||